000 00485nam a2200157 i 4500
001 89310
003 ES-MaACL
005 20230906180137.0
007 t|
008 050110s1970 sp ||||1| spa d
100 1 _aLarrea Elustiza, José.
_970337
245 1 0 _aBreve monografía de Vergara /
_cJosé Larrea Elustiza.
260 _aSan Sebastián :
_b[Caja de Ahorros Municipal de San Sebastián],
_c1970.
300 _a81 p., 1 lám. ;
_c20 cm.
852 _aES-MaACL
_jC-49576
_bR.75493
999 _c89310
_d89310